=LDR 00000nam 2200000 4500 =001 INLIS000000000011292 =005 20130612102854 =008 ***********************************Ind** =035 ##$$0010-061300000011292 =041 ##$$a Ind =082 ##$$a 959.8 =090 ##$$a 944.04, Set t =100 ##$$a Safwan, Mordanas =245 ##$$a Pahlawan Nasional Teuku Nyak Arif, Drs. Mordanas Safwan =260 ##$$a 1992 $b Jakarta =300 ##$$a XIII,280 hlm., ilus, 21 cm =650 ##$$a Sejarah Indonesia =850 ##$$a NBPNMAT